| 000 | 00894 a2200229 4500 | ||
|---|---|---|---|
| 005 | 20260319124439.0 | ||
| 008 | 260319b |||||||| |||| 00| 0 eng d | ||
| 020 | _a817081362X (hbk) | ||
| 037 | _cTB | ||
| 040 |
_aBL _cBL |
||
| 041 |
_2hin _ahin _hsan |
||
| 084 |
_aO15jN33 N7 _qBL |
||
| 100 |
_aनारंग, सत्य पाल _91113259 |
||
| 245 | _aकालिदास- पुननर्वा | ||
| 260 |
_aनई दिल्ली, भारत: _bनाग पब्लिशर्स, _c1997. |
||
| 300 | _a591पृ. | ||
| 365 |
_b700.00 _cINR |
||
| 650 | _aसंस्कृत साहित्य | ||
| 650 |
_aकालिदास _9856475 |
||
| 942 |
_cTB _2CC _hO15jN33 N7 |
||
| 999 |
_c1678544 _d1678544 |
||